Pittsburgh Pirates 2025 Roster - Statistics

General Stats
  • This quiz has been taken 49 times
  • The average score is 14 of 29
Answer Stats
Jersey # Pos Player % Correct
30 P Paul Skenes
100%
15 CF Oneil Cruz
92%
22 RF Andrew McCutchen
81%
10 RF Bryan Reynolds
75%
14 C Joey Bart
75%
2 1B Spencer Horwitz
75%
23 P Mitch Keller
69%
32 C Henry Davis
67%
19 SS Jared Triolo
67%
28 LF Tommy Pham
58%
57 BP Bubba Chandler
56%
39 2B Nick Gonzales
56%
3 CF Ji Hwan Bae
50%
60 BP Dennis Santana
42%
24 P Johan Oviedo
39%
50 BP Carmen Mlodzinski
36%
38 2B Nick Yorke
36%
65 RF Jack Suwinski
33%
67 BP Braxton Ashcraft
31%
5 1B Endy Rodriguez
31%
72 BP Isaac Mattson
31%
53 BP Mike Burrows
31%
29 LF Alexander Canario
28%
61 BP Justin Lawrence
28%
34 SS Cam Devanney
22%
35 BP Colin Holderman
22%
49 BP Yohan Ramirez
17%
36 BP Dauri Moreta
14%
63 2B Ronny Simon
14%
No matching quizzes found
Score Distribution
Percent of People with Each Score
Percentile by Number Answered
Your Score History
You have not taken this quiz